[Event "Barcelona-Palma de Mallorca Cruise 4th"]
[Site "Barcelona"]
[Date "2015.10.23"]
[Round "1"]
[White "Reginaldo Vilalta, Albert"]
[Black "Exposito Amaro, Josue"]
[Result "0-1"]
[WhiteElo "1776"]
[BlackElo "2299"]
[PlyCount "34"]
[EventDate "2015.10.23"]
[EventType "swiss"]
[EventRounds "8"]
[EventCountry "ESP"]
[SourceTitle "CBM 169 Extra"]
[Source "ChessBase"]
[SourceDate "2015.12.18"]
[SourceVersion "1"]
[SourceVersionDate "2015.12.18"]
[SourceQuality "1"]

1. d4 e6 2. e3 f5 3. Bd3 Nf6 4. Nd2 d5 5. f4 c5 6. c3 Bd6 7. Ngf3 0-0 8. Ne5 Bd7 9. 0-0 Be8 10. Ndf3 Bh5 11. Qe1 Bxf3 12. Rxf3 Nc6 13. Qe2 Ne4 14. Bd2 Bxe5 15. fxe5 Qb6 16. b3 cxd4 17. cxd4 Nxd4 0-1

[Event "ESP-ch U16"]
[Site "Padron"]
[Date "2008.07.24"]
[Round "8"]
[White "Etxagibel Larranaga, Asier"]
[Black "Reginaldo Vilalta, Albert"]
[Result "1/2-1/2"]
[WhiteElo "1887"]
[BlackElo "1738"]
[PlyCount "47"]
[EventDate "2008.07.20"]
[EventType "swiss"]
[EventRounds "9"]
[EventCountry "ESP"]
[SourceTitle "EXT 2010"]
[Source "ChessBase"]
[SourceDate "2010.11.25"]
[SourceVersion "1"]
[SourceVersionDate "2010.11.25"]
[SourceQuality "1"]

1. d4 d5 2. Nf3 e6 3. c4 c6 4. g3 Bd6 5. Bg2 f5 6. 0-0 Nf6 7. Nbd2 Nbd7 8. b3 0-0 9. Bb2 Ne4 10. Ne5 Qg5 11. f4 Qe7 12. Ndf3 Ndf6 13. c5 Bc7 14. e3 Bd7 15. b4 Be8 16. Qd3 Bh5 17. a4 Bxe5 18. Nxe5 Ng4 19. Nf3 Be8 20. Rfb1 a6 21. Qb3 Rf6 22. Bc1 Rh6 23. Ra2 Qf7 24. Bd2 1/2-1/2

[Event "ESP-ch U16"]
[Site "Padron"]
[Date "2008.07.23"]
[Round "6"]
[White "Remoli Sargues, Lidia"]
[Black "Reginaldo Vilalta, Albert"]
[Result "1-0"]
[WhiteElo "1924"]
[BlackElo "1738"]
[PlyCount "39"]
[EventDate "2008.07.20"]
[EventType "swiss"]
[EventRounds "9"]
[EventCountry "ESP"]
[SourceTitle "EXT 2010"]
[Source "ChessBase"]
[SourceDate "2010.11.25"]
[SourceVersion "1"]
[SourceVersionDate "2010.11.25"]
[SourceQuality "1"]

1. d4 e6 2. Nf3 d5 3. c4 c6 4. e3 Bd6 5. Nc3 f5 6. Be2 Nf6 7. 0-0 Nbd7 8. c5 Bc7 9. b4 Ne4 10. Nxe4 fxe4 11. Nd2 0-0 12. f4 exf3 13. Nxf3 e5 14. dxe5 Nxe5 15. Qd4 Nxf3+ 16. Bxf3 Qf6 17. Bxd5+ cxd5 18. Rxf6 Rxf6 19. Bb2 Rg6 20. Qxd5+ 1-0